000
00362cam a2200169ua 4500
041
_a
eng
_h
082
_a
323.6
_b
MIN
245
_a
better citizenship
260
_a
:
_b
ministry of information ,
_c
1961.
300
_a
40 ; .
504
_a
942
_c
BK
999
_c
12379
_d
12379